Κατάλογος Βιβλιοθηκών Mediterranean College

Πληροφοριακά Συστήματα Διοίκησης (Record no. 8284)

MARC details
000 -LEADER
fixed length control field 02411cam a22002174a 4500
005 - ΗΜΕΡΟΜΗΝΙΑ ΚΑΙ ΩΡΑ ΤΕΛΕΥΤΑΙΑΣ ΕΝΗΜΕΡΩΣΗΣ
Πεδίο ελέγχου 20250605164331.0
008 - FIXED-LENGTH DATA ELEMENTS--GENERAL INFORMATION
Πεδίο ελέγχου σταθερού μήκους 250528s ||||||||||||||||||||||||d
035 ## - SYSTEM CONTROL NUMBER
System control number 23255
020 ## - ISBN
ISBN 9789604612512
040 ## - ΠΗΓΗ ΚΑΤΑΛΟΓΟΓΡΑΦΗΣΗΣ
Φορέας πρωτότυπης καταλογογράφησης MC Athens Campus Library
Γλώσσα καταλογογράφησης Ελληνικά, Μοντέρνα (1453-)
Modifying agency MC Athens Campus Library
Κανόνες περιγραφικής καταλογογράφησης AACR2
245 1# - ΤΙΤΛΟΣ ΚΑΙ ΔΗΛΩΣΗ ΥΠΕΥΘΥΝΟΤΗΤΑΣ
Τίτλος Πληροφοριακά Συστήματα Διοίκησης
250 ## - EDITION STATEMENT
Edition statement
260 ## - PUBLICATION, DISTRIBUTION, ETC.
Name of publisher, distributor, etc. Κλειδάριθμος,
Date of publication, distribution, etc. 2009
300 ## - PHYSICAL DESCRIPTION
Extent 626
520 ## - SUMMARY, ETC.
Summary, etc. Πρόλογος, Τα Πληροφοριακά Συστήματα στην Ψηφιακή Εποχή, Τα Επιχειριακά Πληροφοριακά Συστήματα στη Σταδιοδρομία σας, Η - Επιχειρείν: Πώς Χρησιμοποιούν οι Επιχειρήσεις τα Πληροφοριακά Συστήματα, Επίτευξη Ανταγωνιστικού Πλεονεκτήματος με Πληροφοριακά Συστήματα, Η Υποδομή της Τεχνολογίας Πληροφοριών, Υποδομή ΤΠ: Υλικό και Λογισμικό, Τα Θεμέλια της Επιχειρηματικής Ευφυΐας: Διαχείρηση Βάσων Δεδομένων και Πληροφοριών, Τηλεπικοινωνίες και Διαδίκτυο και Ασύρματη Τεχνολογία, Ασφάλεια των Πληροφοριακών Συστημάτων, Βασικές Εφαρμογές των Συστημάτων για την Ψηφιακή Εποχή, Επίτευξη Επικχειρησιακής Αριστείας και Σχέσεων με τους Πελάτες: Επιχειρησιακές Εφαρμογές, Η - Εμπόριο: Ψηφιακές Αγορές και Ψηφιακά Αγαθά, Βελτίωση της Λήψης Αποφάσων και Διαχείριση Γνώσεων, Ανάπτυξη ξκαι Διαχείριση Συστημάτων, Ανάπτυξη Πληροφοριακών Συστημάτων και Διαχείριση Έργων, Ηθικά και Κοινωνικά Ζητήματα σχετικά με τα Πληροφοριακά Συστήματα, Γλωσσάρι, Βιβλιογραφία, Λεξικό Όρων, Ευρετήριο Ονομάτων και Οργανισμών και Θεμάτων.
700 1# - ΠΡΟΣΘΕΤΗ ΑΝΑΓΡΑΦΗ--ΦΥΣΙΚΟ ΠΡΟΣΩΠΟ
Personal name Laudon Jane P
9 (RLIN) 8505
700 1# - ΠΡΟΣΘΕΤΗ ΑΝΑΓΡΑΦΗ--ΦΥΣΙΚΟ ΠΡΟΣΩΠΟ
Personal name Laudon Kenneth C
9 (RLIN) 1358
942 ## - ADDED ENTRY ELEMENTS (KOHA)
Koha item type Books
Holdings
Τύπος τεκμηρίου Βιβλιοθήκη Τρέχουσα τοποθεσία Barcode Αριθμός εισαγωγής Ημερομηνία απόκτησης Ταξιθετικό σύμβολο Αριθμός αντιτύπου Κατάσταση απόσυρσης Κατάσταση χαμένου Κατάσταση κατεστραμμένου Μη δανεισμός Σύνολο δανεισμών Ημερομηνία τελευταίας εμφάνισης Η τιμή ισχύει από
Books MC Athens Campus Library MC Athens Campus Library 9780000082831 7624 05/06/2025 658.4038011 LAU 1           05/06/2025 05/06/2025

MC Athens Campus Library
Πατησίων 94 & Κοδριγκτώνος 13, 104 34
Πελλήνης 8 & Πατησίων 107, 112 51
Τ: +30 210 8899600

MC Thessaloniki Campus Library
Ίωνος Δραγούμη 21, 54625 | Ίωνος Δραγούμη 15, 54625
Τ: +30 2310 287779 – Τ: +30 2314 440300